[Event "Moscow ol (Men)"]
[Site "Moscow"]
[Date "1994.??.??"]
[Round "13"]
[White "Milov, Vadim"]
[Black "West, Guy"]
[Result "1-0"]
[WhiteElo "2590"]
[BlackElo "2410"]

1.d4 d6 2.e4 Nf6 3.Nc3 g6 4.f4 Bg7 5.Nf3 O-O 6.a3 Bg4 7.h3 Bxf3 8.Qxf3 Nc6
9.Be3 e5 10.dxe5 dxe5 11.f5 Nd4 12.Qf2 gxf5 13.exf5 Re8 14.O-O-O Nd5 15.Nxd5 Qxd5
16.Kb1 Rad8 17.f6 Bf8 18.Bd3 e4 19.Be2 c5 20.c3 Qb3 21.cxd4 cxd4 22.Rxd4  1-0

[Event "Moscow ol (Men)"]
[Site "Moscow"]
[Date "1994.??.??"]
[Round "14"]
[White "Milov, Vadim"]
[Black "Anastasian, Ashot"]
[Result "1-0"]
[WhiteElo "2590"]
[BlackElo "2540"]

1.d4 Nf6 2.c4 e6 3.Nc3 Bb4 4.e3 Bxc3+ 5.bxc3 c5 6.Bd3 Nc6 7.Ne2 d6 8.e4 e5
9.f3 h6 10.Be3 b6 11.d5 Na5 12.Ng3 Ba6 13.Qe2 Qd7 14.a4 O-O-O 15.h3 g6 16.h4 Nh5
17.Nxh5 gxh5 18.O-O f6 19.f4 Qg4 20.fxe5 fxe5 21.Rf7 Rd7 22.Raf1 Rh7 23.Rxh7 Rxh7
24.Rf6 Kd7 25.Qf1 Kc7 26.Bxh6 Qxh4 27.Bf8 Rd7 28.Rg6 Bc8 29.Bh6 Qe7 30.Be2 Ba6
31.Bf8 Qh4 32.Bxd6+ Rxd6 33.Qf7+ Rd7 34.d6+ Kc8 35.Rg8+  1-0

[Event "PCA/Intel-GP"]
[Site "Paris"]
[Date "1994.??.??"]
[Round "1.3"]
[White "Kortschnoj, Viktor"]
[Black "Milov, Vadim"]
[Result "0-1"]
[WhiteElo "2615"]
[BlackElo "2590"]

1.c4 g6 2.e4 Bg7 3.d4 d6 4.Nc3 Nf6 5.f3 O-O 6.Nge2 Nbd7 7.Bg5 a6 8.Qd2 Rb8
9.O-O-O b5 10.e5 b4 11.Nb1 Ne8 12.exd6 cxd6 13.Ng3 Nb6 14.Qe3 Rb7 15.Nd2 Nf6
16.Bd3 Be6 17.Kb1 b3 18.axb3 a5 19.Bxf6 exf6 20.d5 Bc8 21.Nge4 f5 22.Nc3 Nd7
23.Rhe1 Nc5 24.Bc2 Bd7 25.Kc1 Qb6 26.Na2 Rfb8 27.Re2 Qd8 28.Rde1 Qf6 29.Nc3 a4
30.Qe7 axb3 31.Qxf6 Bxf6 32.Bb1 Ra7 33.f4 Bxc3  0-1

[Event "PCA/Intel-GP"]
[Site "Paris"]
[Date "1994.??.??"]
[Round "2.2"]
[White "Milov, Vadim"]
[Black "Vaisser, Anatoli"]
[Result "0-1"]
[WhiteElo "2590"]
[BlackElo "2575"]

1.d4 e6 2.c4 f5 3.Nf3 Nf6 4.g3 d5 5.Bg2 c6 6.O-O Bd6 7.Ne5 O-O 8.Bf4 Nh5
9.e3 Nxf4 10.exf4 Nd7 11.Nxd7 Bxd7 12.c5 Be7 13.Nd2 b6 14.b4 bxc5 15.bxc5 Qa5
16.Nf3 Bf6 17.Qe1 Qa4 18.Ne5 Bc8 19.Qe3 Rb8 20.Rfd1 Rb2 21.Rd2 Bxe5 22.fxe5 Qb4
23.Rad1 Ba6 24.Rxb2 Qxb2 25.Qg5 Re8 26.Bf3 h6 27.Qh4 Qxa2 28.g4 Be2 29.Bxe2 Qxe2
30.Rb1 fxg4 31.Rb7 Rf8 32.Rxa7 g5 33.Qg3 Qe1+ 34.Kg2 Rf3  0-1

[Event "ISR-ch"]
[Site "Tel Aviv"]
[Date "1994.??.??"]
[Round "1"]
[White "Godes, Dmitry R"]
[Black "Milov, Vadim"]
[Result "1/2-1/2"]
[WhiteElo "2405"]
[BlackElo "2590"]

1.d4 Nf6 2.Nf3 g6 3.g3 Bg7 4.Bg2 O-O 5.O-O d6 6.c4 Nc6 7.Nc3 Bg4 8.b3 Nd7
9.Be3 Bxf3 10.Bxf3 e5 11.dxe5 Ndxe5 12.Rc1 Nxf3+ 13.exf3 Re8 14.f4 Qd7 15.Qf3 Qf5
16.Rfd1 Rad8 17.Nb5 Rd7 18.Nd4 Bxd4 19.Bxd4 Nxd4 20.Rxd4 Rde7 21.Rdd1 b6
22.Qc3 Re2 23.Re1 Qc5 24.Rxe2 Rxe2 25.Qf3 Rxa2 26.Re1 Qd4 27.Kg2 Kg7 28.h4 h5
29.Re7 c6 30.Rd7 c5 31.f5 Qf6 32.fxg6 Qxf3+ 33.Kxf3 Kxg6 34.Rxd6+ f6 35.Ke3 Rb2
36.Rd3 Kf5 37.f3 a6 38.Rd5+ Ke6 39.Rd3 b5 40.g4 hxg4 41.fxg4 Rh2 42.Rd5 Rxh4
43.Rxc5 Rh3+ 44.Kd4 Rxb3 45.g5 Rg3 46.gxf6  1/2-1/2

[Event "ISR-ch"]
[Site "Tel Aviv"]
[Date "1994.??.??"]
[Round "2"]
[White "Milov, Vadim"]
[Black "Mikhalevski, Alexander"]
[Result "1-0"]
[WhiteElo "2590"]
[BlackElo "2455"]

1.d4 d5 2.c4 e6 3.Nc3 Be7 4.cxd5 exd5 5.Bf4 Nf6 6.e3 O-O 7.Bd3 b6 8.Nf3 Bb7
9.Ne5 Nbd7 10.O-O Nxe5 11.Bxe5 Bd6 12.Qf3 Bxe5 13.dxe5 Nd7 14.Rad1 c6 15.Qh3 g6
16.f4 Qe7 17.f5 Qxe5 18.fxg6 fxg6 19.Qxd7 Qxe3+ 20.Kh1 Qxd3 21.Qe6+ Kh8 22.Rf7 Rxf7
23.Qxf7 Qe3 24.Qxb7 Re8 25.Rg1 d4 26.Nd1 Qe6 27.Qxa7 c5 28.Rf1 d3 29.Qa3 c4
30.Rf8+ Kg7 31.Rxe8 Qxe8 32.Qc3+ Kh6 33.Qd2+ Kg7 34.Nc3 Qe5 35.a4 h5 36.g3 g5
37.Kg2 g4 38.Qf2 Qd6 39.Kf1 d2 40.Ke2 d1=Q+ 41.Nxd1 Qd3+ 42.Ke1 Qe4+ 43.Kd2  1-0

[Event "ISR-ch"]
[Site "Tel Aviv"]
[Date "1994.??.??"]
[Round "3"]
[White "Gofshtein, Leonid D"]
[Black "Milov, Vadim"]
[Result "1/2-1/2"]
[WhiteElo "2495"]
[BlackElo "2590"]

1.d4 d5 2.c4 e6 3.Nc3 Nf6 4.cxd5 exd5 5.Bg5 c6 6.e3 Be7 7.Qc2 O-O 8.Bd3 Nbd7
9.Nf3 Re8 10.O-O Nf8 11.Bxf6 Bxf6 12.b4 a6 13.a4 Ng6 14.Bf5 Qd6 15.Rab1 Bxf5
16.Qxf5 Qe6  1/2-1/2

[Event "ISR-ch"]
[Site "Tel Aviv"]
[Date "1994.??.??"]
[Round "4"]
[White "Milov, Vadim"]
[Black "Sutovskij, Emil"]
[Result "1/2-1/2"]
[WhiteElo "2590"]
[BlackElo "2480"]

1.d4 Nf6 2.Nf3 g6 3.Bf4 Bg7 4.e3 d6 5.h3 O-O 6.Nbd2 c5 7.Be2 Nc6 8.c3 cxd4
9.exd4 Re8 10.Nc4 Nd5 11.Bh2 e5 12.O-O b5 13.dxe5 dxe5 14.Ne3 Nxe3 15.Qxd8 Nxd8
16.fxe3 Bd7 17.a4 bxa4 18.Bd1 Nb7 19.Bxa4 Bxa4 20.Rxa4 Nc5 21.Ra2 Nd3 22.Rd1 Rad8
23.Kf1 Rd7 24.Ne1 e4 25.Ke2 Red8 26.Nxd3 exd3+ 27.Kd2 Re8 28.Rda1 Bh6 29.Bg1 Ree7
30.Ra4 f5 31.Rd4 Rxd4 32.cxd4 Rb7 33.Kxd3 Rxb2 34.g4 Rg2 35.gxf5 gxf5 36.d5 Bf8
37.e4 Rg3+ 38.Kd4 fxe4 39.Kxe4 Rxh3 40.Rxa7 Rh4+ 41.Kd3 Rh1  1/2-1/2

[Event "ISR-ch"]
[Site "Tel Aviv"]
[Date "1994.??.??"]
[Round "5"]
[White "Uritzky, Maxim"]
[Black "Milov, Vadim"]
[Result "0-1"]
[WhiteElo "2365"]
[BlackElo "2590"]

1.e4 c5 2.Nc3 Nc6 3.g3 g6 4.Bg2 Bg7 5.d3 d6 6.Be3 Nd4 7.h3 e6 8.Nge2 Ne7
9.O-O O-O 10.Nf4 Rb8 11.Kh1 b5 12.Qd2 b4 13.Nd1 e5 14.Ne2 f5 15.Nxd4 cxd4
16.Bg5 f4 17.f3 h6 18.Bxe7 Qxe7 19.g4 Bf6 20.c3 Bh4 21.cxd4 exd4 22.Nf2 h5
23.Kg1 Be6 24.Rfc1 Rfc8 25.b3 Rc3 26.Nd1 Qf6 27.Rc2 hxg4 28.hxg4 Kg7 29.Nxc3 dxc3
30.Qe2 Qd4+ 31.Kf1 Bd7 32.Rcc1 Bb5 33.Rd1 Rb7 34.a3 bxa3 35.Rxa3 Qc5 36.Ra2 Bf6
37.Rc2 Bd4 38.Ra1 Qb4 39.e5 Bxe5 40.Rca2 Qc5 41.Rd1 Re7 42.Qf2 Bd4 43.Qh4 Bf6
44.Qf2 Re3 45.g5 Bd4 46.Qh4 Rxd3 47.Rxd3 Bxd3+ 48.Ke1 c2  0-1

[Event "ISR-ch"]
[Site "Tel Aviv"]
[Date "1994.??.??"]
[Round "6"]
[White "Milov, Vadim"]
[Black "Psakhis, Lev"]
[Result "1/2-1/2"]
[WhiteElo "2590"]
[BlackElo "2605"]

1.e4 c5 2.d3 Nc6 3.g3 d5 4.Nc3 d4 5.Nce2 e5 6.Bg2 Bd6 7.f4 Nge7 8.f5 h5 9.c4 g6
10.fxg6 Nxg6 11.h4 Bg4 12.Nh3 f6 13.Nf2 Be6 14.Bd2 Qd7 15.a3 a6 16.Rb1 b5
17.b3 Rb8 18.O-O b4 19.Kh2 bxa3 20.Ra1 a5 21.Rxa3 Bc7 22.Ng1 Ke7 23.Ra2 Rbg8
24.Bc1 Kd6 25.Nfh3 Qg7 26.Raf2 Nf8 27.Rf3 Nd7 28.Nf2 Ne7 29.Qc2 Rb8 30.Bd2 Rhg8
31.Ne2 Rh8  1/2-1/2

[Event "ISR-ch"]
[Site "Tel Aviv"]
[Date "1994.??.??"]
[Round "7"]
[White "Huzman, Alexander"]
[Black "Milov, Vadim"]
[Result "1/2-1/2"]
[WhiteElo "2575"]
[BlackElo "2590"]

1.d4 Nf6 2.Nf3 g6 3.c4 Bg7 4.Nc3 O-O 5.e4 d6 6.Be2 Na6 7.O-O e5 8.Re1 Qe8
9.Bg5 Bg4 10.h3 Bxf3 11.Bxf3 exd4 12.Qxd4 Nd7 13.Qd2 Ne5 14.Be2 Nc5 15.Bf1 Ne6
16.Be3 Qd8 17.f4 Nc6 18.Rad1 Qh4 19.Nd5 Rae8 20.Qf2 Qxf2+ 21.Bxf2 Ne7 22.g3 c5
23.b4 Nc6 24.bxc5 dxc5 25.e5 Ned4 26.Bg2 f6 27.exf6 Rxe1+ 28.Rxe1 Bxf6 29.Nxf6+ Rxf6
30.Re8+ Rf8 31.Bxc6 bxc6 32.Rxf8+ Kxf8 33.Kf1 Ke7 34.Ke1 Kf6 35.Kd2 Kf5 36.Kd3 Ne6
37.Be3 h5 38.a3 a6 39.a4 Ng7 40.Bd2 Ne6 41.Be3 Ng7 42.Bxc5 h4 43.gxh4 Kxf4
44.Bd6+ Kf5 45.Kc3 Ke6 46.Bf8 Nf5 47.Kb4 Ne3 48.Bh6 Nd1 49.Bg7 Ne3 50.Bd4 Nc2+
51.Kc5 Kd7 52.Be5 Ne3 53.Bf4 Nd1 54.Be5 Ne3 55.a5 Nc2 56.Bf4 Ne1 57.Kb6 Nd3
58.Kxa6 Nxf4 59.Kb7 Ne6 60.a6 Nc7 61.a7 Na8 62.c5 Kd8 63.Kxc6 Nc7 64.Kb7 Kd7
65.Kb6 Na8+ 66.Kb5 Nc7+ 67.Kb4 Na8 68.Kc4 Nc7 69.Kd3 Ke6 70.Ke4 Na8 71.Kf4 Kf6
72.Ke4 Ke6 73.Kd4 Nc7 74.Kc4 Kd7  1/2-1/2

[Event "ISR-ch"]
[Site "Tel Aviv"]
[Date "1994.??.??"]
[Round "11"]
[White "Rechlis, Gad"]
[Black "Milov, Vadim"]
[Result "0-1"]
[WhiteElo "2510"]
[BlackElo "2590"]

1.c4 c5 2.Nc3 g6 3.g3 Bg7 4.Bg2 Nc6 5.a3 Nf6 6.Rb1 a5 7.e3 d6 8.d3 Bg4 9.Nge2 h5
10.h3 Bd7 11.b3 Qc8 12.Bb2 Nh7 13.Qd2 O-O 14.Nd5 Bxb2 15.Qxb2 Qd8 16.h4 Ne5
17.Ndf4 Bg4 18.Bxb7 Rb8 19.Bg2 Nf3+ 20.Kf1 Rxb3 21.Qxb3 Nd2+ 22.Kg1 Nxb3
23.Rxb3 e5 24.f3 a4 25.Rb5 Bd7 26.Nd5 Bxb5 27.cxb5 Nf6 28.Nxf6+ Qxf6 29.Kf2 Qe6  0-1

[Event "Tilburg rapid20"]
[Site "Tilburg"]
[Date "1994.??.??"]
[Round "1"]
[White "Knoppert, Erik G J"]
[Black "Milov, Vadim"]
[Result "0-1"]
[WhiteElo "2380"]
[BlackElo "2590"]

1.e4 c5 2.Ne2 Nc6 3.Nbc3 Nd4 4.d3 d6 5.Be3 e5 6.Nd5 Nf6 7.Nxf6+ Qxf6 8.c3 Nxe2
9.Bxe2 Be7 10.O-O O-O 11.f4 exf4 12.Bxf4 Qe6 13.Bf3 Bf6 14.Qe1 Be5 15.Be3 Bd7
16.d4 cxd4 17.cxd4 Bf6 18.Qb4 Bc6 19.Rae1 a5 20.Qd2 Qxa2 21.e5 Be7 22.Ra1 Qb3
23.Ra3 Qb4 24.Qxb4 axb4 25.Rxa8 Rxa8 26.Bxc6 bxc6 27.Rc1 dxe5 28.dxe5 Ra6
29.Bc5 Kf8 30.b3 Ke8 31.Kf2 Ra3 32.Bxe7 Kxe7 33.Rxc6 Rxb3 34.Rb6 Rb1 35.h3 b3
36.Kg3 Kd7 37.Kh2 Kc7 38.Rb4 Kc6 39.Rb8 Kd5 40.Rb7 Ke6 41.Rb5 h5 42.h4 Kd7
43.Kg3 Kc6 44.Rb8 b2 45.Kh2 Kd5 46.Rb5+ Kd4 47.g3 Ke3 48.Rb7 Rd1 49.Rxb2 Rd2+
50.Rxd2 Kxd2 51.g4 g6 52.Kg3 Ke3 53.gxh5 gxh5 54.Kg2 Kf4 55.Kf2 Kxe5 56.Ke3 Kf5
57.Kf3 f6  0-1

[Event "Tilburg rapid20"]
[Site "Tilburg"]
[Date "1994.??.??"]
[Round "1"]
[White "Milov, Vadim"]
[Black "Knoppert, Erik G J"]
[Result "1-0"]
[WhiteElo "2590"]
[BlackElo "2380"]

1.d4 Nf6 2.Nf3 c5 3.c3 b6 4.Bg5 Bb7 5.e3 Ne4 6.Bf4 d6 7.Nbd2 Nxd2 8.Qxd2 g6
9.h4 Bg7 10.h5 O-O 11.hxg6 hxg6 12.Bc4 Nd7 13.Qc2 d5 14.Bd3 c4 15.Be2 Nf6
16.Ne5 Nd7 17.Ng4 Re8 18.Rh3 Bc8 19.Nh6+ Kf8 20.Rg3 e5 21.Nxf7 Qe7 22.Nxe5 Nxe5
23.dxe5 Bf5 24.Qd2 Bxe5 25.Bxe5 Qxe5 26.Rd1 Rad8 27.Qd4 Qxd4 28.Rxd4 Ke7
29.Bg4 Bb1 30.a3 Rf8 31.Bf3 Ke6 32.Rg5 Bf5 33.Bg4 Kf6 34.f4 Rh8 35.Bf3 Rh1+
36.Kf2 Rb1 37.Rd2 Ke6 38.g4 Bd3 39.Re5+ Kf6 40.g5+ Kg7 41.Rxd5 Rf1+ 42.Kg2 Rxd5
43.Bxd5 Re1 44.e4 Kf8 45.Kf2 Rf1+ 46.Ke3 Ke7 47.b3 b5 48.bxc4 bxc4 49.Rb2 Kd6
50.Rb7 Kc5 51.Rc7+ Kb5 52.Rxa7 Rc1 53.Kd4 Rd1 54.Rb7+ Ka6 55.Kc5 Bf1 56.Rb8  1-0

[Event "Biel"]
[Site "Biel"]
[Date "1995.??.??"]
[Round "1"]
[White "Brunner, Lucas"]
[Black "Milov, Vadim"]
[Result "1/2-1/2"]
[WhiteElo "2530"]
[BlackElo "2570"]

1.Nf3 Nf6 2.c4 g6 3.g3 Bg7 4.Bg2 O-O 5.O-O d6 6.d4 Nc6 7.Nc3 e5 8.d5 Ne7
9.e4 Kh8 10.c5 Ne8 11.cxd6 Nxd6 12.Be3 f5 13.exf5 gxf5 14.Qb3 Ng6 15.Bg5 Qe8
16.Rad1 f4 17.Rfe1 h6 18.Bxf4 Nxf4 19.gxf4 Rxf4 20.Ne2 Rf8 21.Ng3 Bg4 22.h3 Bxf3
23.Bxf3 Qf7 24.Kg2 Rae8 25.Re2 Qf4 26.Qe3 Re7 27.Qxf4 Rxf4 28.Bg4 Rc4  1/2-1/2

[Event "Biel"]
[Site "Biel"]
[Date "1995.??.??"]
[Round "2"]
[White "Milov, Vadim"]
[Black "Hodgson, Julian M"]
[Result "1/2-1/2"]
[WhiteElo "2570"]
[BlackElo "2590"]

1.d4 d5 2.c4 c6 3.Nc3 Nf6 4.e3 a6 5.Qc2 g6 6.Bd3 Bg7 7.Nf3 O-O 8.O-O Be6
9.c5 Bg4 10.Ne5 Nbd7 11.Nxg4 Nxg4 12.h3 Ngf6 13.f4 b6 14.Na4 bxc5 15.Nxc5 Nxc5
16.Qxc5 Qd6 17.b4 a5 18.Qxd6 exd6 19.b5 c5 20.a4 Nd7 21.Bb2 Rfe8 22.Kf2 Re7
23.Rfe1 Nb6 24.Re2 Rae8 25.Kf3 Rc8 26.Ra2  1/2-1/2

[Event "Biel"]
[Site "Biel"]
[Date "1995.??.??"]
[Round "5"]
[White "Milov, Vadim"]
[Black "De Firmian, Nick E"]
[Result "1-0"]
[WhiteElo "2570"]
[BlackElo "2605"]

1.d4 Nf6 2.c4 e6 3.Nc3 Bb4 4.e3 b6 5.f3 c5 6.d5 O-O 7.e4 d6 8.Ne2 b5 9.Ng3 exd5
10.cxd5 a6 11.Be2 Nbd7 12.O-O c4 13.Be3 Re8 14.Kh1 Bc5 15.Bxc5 Nxc5 16.b4 cxb3
17.axb3 b4 18.Nb5 Qb6 19.Nd4 Bd7 20.Qd2 a5 21.Bc4 h6 22.Nc6 Bxc6 23.dxc6 Qxc6
24.Nf5 Kf8 25.Rfd1 d5 26.exd5 Qd7 27.Nxh6 a4 28.bxa4 Rxa4 29.d6 b3 30.Rac1 Rb8
31.Qb2 Ra2 32.Qe5 b2 33.Rb1 Ra1 34.Rxa1 bxa1=Q 35.Rxa1 Nb7 36.Nxf7 Re8 37.Qd4 Na5
38.Ba2 Nc6 39.Qc3 Ra8 40.Bc4  1-0

[Event "Biel"]
[Site "Biel"]
[Date "1995.??.??"]
[Round "6"]
[White "Tkachiev, Vladislav"]
[Black "Milov, Vadim"]
[Result "1/2-1/2"]
[WhiteElo "2605"]
[BlackElo "2570"]

1.e4 c5 2.f4 d5 3.exd5 Nf6 4.Bb5+ Nbd7 5.c4 a6 6.Bxd7+ Qxd7 7.Nf3 e6 8.Ne5 Qc7
9.dxe6 Bxe6 10.b3 Nd7 11.Bb2 Bd6 12.Nxd7 Qxd7 13.O-O O-O-O 14.Qf3 f6  1/2-1/2

[Event "Biel"]
[Site "Biel"]
[Date "1995.??.??"]
[Round "8"]
[White "Timman, Jan H"]
[Black "Milov, Vadim"]
[Result "1/2-1/2"]
[WhiteElo "2590"]
[BlackElo "2570"]

1.e4 c5 2.Nf3 e6 3.d4 cxd4 4.Nxd4 a6 5.Nc3 Qc7 6.g3 Nc6 7.Bg2 d6 8.O-O Be7
9.Re1 Bd7 10.Nxc6 Bxc6 11.Qg4 h5 12.Qe2 h4 13.a4 hxg3 14.hxg3 Kf8 15.a5 Nf6
16.Be3 Re8 17.Bd4 Qc8 18.Red1 Rh7 19.Be3 Nd7 20.f4 Nf6 21.Bf3 g6 22.Kg2 Kg7
23.Rh1 Reh8 24.Rxh7+ Rxh7 25.Rh1 Rxh1 26.Kxh1 e5 27.Kg2 Bd7 28.Nd5 Nxd5 29.exd5 Bb5
30.Qd1 Bf6 31.b3 Bd7 32.c4 Bh3+ 33.Kf2 exf4 34.gxf4 Qh8 35.Qh1 Qc8 36.Qd1 Qh8  1/2-1/2

[Event "Biel"]
[Site "Biel"]
[Date "1995.??.??"]
[Round "10"]
[White "Zvjaginsev, Vadim"]
[Black "Milov, Vadim"]
[Result "1-0"]
[WhiteElo "2600"]
[BlackElo "2570"]

1.d4 Nf6 2.c4 g6 3.Nc3 Bg7 4.e4 d6 5.Be2 O-O 6.Nf3 e5 7.d5 Na6 8.Nd2 Ne8
9.Rb1 c5 10.dxc6 bxc6 11.b4 Nac7 12.O-O Ne6 13.Nb3 f5 14.Bf3 f4 15.c5 Nd4
16.Nxd4 exd4 17.Na4 Nc7 18.Bb2 Nb5 19.Rc1 Be6 20.cxd6 Qxd6 21.a3 Rad8 22.Qd3 Kh8
23.Rc2 Bf7 24.Rfc1 Be8 25.Rd2 Qe7 26.Nc5 Bf7 27.Na4 Rd6 28.Rc5 Nc3 29.Bc1 Be5
30.Nb2 Rfd8 31.Qc2 Bg7 32.Nd3 g5 33.e5 Re6 34.Bg4 Rh6 35.Ra5 Bd5 36.Bb2 Rh4
37.Bd1 Nxd1 38.Qxd1 f3 39.Rxd5 Rxd5 40.Qxf3 Kg8 41.g3 Rh6 42.Qg4 Qd8 43.Re2 a5
44.Re4 Rg6 45.Bxd4 axb4 46.Nxb4 Rb5 47.e6 Bxd4 48.Rxd4 Qe8 49.Rd6 Rc5 50.Qd4 Rc1+
51.Kg2 c5 52.Qd2 cxb4 53.Qxc1 bxa3 54.Qc7  1-0

[Event "Biel"]
[Site "Biel"]
[Date "1995.??.??"]
[Round "11"]
[White "Milov, Vadim"]
[Black "Gavrikov, Viktor"]
[Result "1/2-1/2"]
[WhiteElo "2570"]
[BlackElo "2605"]

1.d4 Nf6 2.c4 e6 3.Nc3 Bb4 4.e3 O-O 5.Bd3 d5 6.Nf3 c5 7.O-O Nc6 8.a3 Bxc3
9.bxc3 Qc7 10.cxd5 exd5 11.Nh4 Qa5 12.Qe1 Re8 13.Bb2 Qd8 14.Nf5 Ne4 15.Ng3 Nxg3
16.hxg3 Bd7 17.f3 Rc8 18.Qf2 Na5 19.e4 cxd4 20.cxd4 a6 21.e5 Bb5 22.Bxb5 axb5
23.g4 Qd7 24.Rae1 Rc4 25.Re2 Nc6 26.Rd1 Qe6 27.Qg3 f5 28.gxf5 Qxf5 29.f4 Qh5
30.Qf2 Rf8 31.Rd3 Qg4 32.Rg3 Qf5 33.Rf3 g6 34.Qe3 Qe6 35.Rf1 Ne7 36.Qb3 Nf5
37.Rd2 Qb6 38.g4 Ne7 39.Qh3 b4 40.Rh2 Rf7 41.f5 bxa3 42.Ba1 gxf5 43.gxf5 Nxf5
44.Rg2+ Kh8 45.Kh2 Nh6 46.Qd7 Ng4+ 47.Qxg4 Qh6+ 48.Kg1 Qe3+ 49.Kh2 Qh6+ 50.Kg1 Qe3+  1/2-1/2

[Event "Biel"]
[Site "Biel"]
[Date "1995.??.??"]
[Round "12"]
[White "Campora, Daniel H"]
[Black "Milov, Vadim"]
[Result "1/2-1/2"]
[WhiteElo "2550"]
[BlackElo "2570"]

1.e4 c5 2.Nf3 e6 3.d4 cxd4 4.Nxd4 a6 5.Bd3 Bc5 6.Nb3 Be7 7.O-O Nc6 8.c4 Nf6
9.Nc3 d6 10.f4 b6 11.Qe2 Bb7 12.Be3 Nb4 13.Bb1 Nd7 14.Rd1 Qc7 15.a3 Nc6 16.Ba2 Rc8
17.Rac1 Qb8 18.Nd2 O-O 19.Nf3 Rfd8 20.Bf2 Ba8 21.b4 Re8 22.e5 Rcd8 23.Bg3 dxe5
24.fxe5 a5 25.b5 Bc5+ 26.Kh1 Ne7 27.Bb1 Nf8 28.a4 Nfg6 29.Ne4 Bxe4 30.Bxe4 Nf5
31.Bxf5 exf5 32.e6 f4 33.exf7+ Kxf7 34.Ng5+ Kg8 35.Qh5 h6 36.Nf3 Re6 37.Re1 Qd6
38.Bh4 Rd7 39.Qf5 Rxe1+ 40.Bxe1 Be3 41.c5 bxc5 42.Rb1 c4 43.b6 Ne7 44.Qb5 Qd3
45.Bxa5 Rd5 46.Qe8+ Kh7 47.Re1 Rxa5 48.b7 Ba7 49.Qxe7 c3 50.Qb4 Rd5 51.b8=Q Bxb8
52.Qxb8 Qc4 53.Qb1+ c2 54.Qc1 Qb3 55.Nd2 Qd3 56.Ne4 Re5 57.Qxf4 Rxe4 58.Qf5+  1/2-1/2

[Event "Biel"]
[Site "Biel"]
[Date "1995.??.??"]
[Round "13"]
[White "Milov, Vadim"]
[Black "Adianto, Utut"]
[Result "1/2-1/2"]
[WhiteElo "2570"]
[BlackElo "2590"]

1.d4 d5 2.c4 dxc4 3.Nf3 Nf6 4.e3 e6 5.Bxc4 c5 6.O-O a6 7.a4 Be7 8.Qe2 cxd4
9.Rd1 Nc6 10.exd4 O-O 11.Nc3 Nb4 12.Ne5 Bd7 13.Bg5 Re8 14.Qf3 Bc6 15.Qh3 Bd5
16.Nxd5 exd5 17.Bf1 Ne4 18.Bxe7  1/2-1/2

[Event "Brussels op"]
[Site "Brussels"]
[Date "1995.??.??"]
[Round "?"]
[White "Milov, Vadim"]
[Black "Van Mechelen, Jan"]
[Result "1-0"]
[WhiteElo "2580"]
[BlackElo "2200"]

1.d4 Nf6 2.c4 g6 3.Nc3 Bg7 4.e4 d6 5.Be2 O-O 6.Bg5 c5 7.d5 h6 8.Bf4 e6 9.dxe6 Bxe6
10.Qd2 Kh7 11.Bxd6 Nc6 12.e5 Nd7 13.Bxf8 Qxf8 14.f4 Rd8 15.Qe3 Nd4 16.O-O-O Nb6
17.Nf3 Bxc4 18.Nxd4 cxd4 19.Rxd4 Qc5 20.Rd3 Rc8 21.Qxc5 Rxc5 22.Rd2 Bxa2
23.Bf3 f6 24.exf6 Bxf6 25.Re1 a5 26.Rd6  1-0

[Event "Brussels op"]
[Site "Brussels"]
[Date "1995.??.??"]
[Round "?"]
[White "Milov, Vadim"]
[Black "Krukowski, M."]
[Result "1-0"]
[WhiteElo "2580"]
[BlackElo "2000"]

1.d4 d5 2.c4 c5 3.cxd5 Nf6 4.e4 Nxe4 5.dxc5 Nxc5 6.Nc3 e6 7.Bb5+ Bd7 8.Bc4 Be7
9.Nf3 O-O 10.O-O exd5 11.Nxd5 Nc6 12.Nxe7+ Qxe7 13.Bg5 Qe8 14.Re1 Be6 15.Qd6 b6
16.Bb5 Rc8 17.Ne5 Nb7 18.Qa3  1-0

[Event "Brussels op"]
[Site "Brussels"]
[Date "1995.??.??"]
[Round "?"]
[White "Milov, Vadim"]
[Black "Geenen, Marc"]
[Result "1-0"]
[WhiteElo "2580"]
[BlackElo "2295"]

1.d4 Nf6 2.c4 g6 3.Nc3 Bg7 4.e4 d6 5.Be2 O-O 6.Bg5 Na6 7.Nf3 h6 8.Bf4 e5
9.dxe5 Nh5 10.g3 Nxf4 11.gxf4 dxe5 12.Nxe5 Qh4 13.Qc1 Bxe5 14.fxe5 Re8 15.Qe3 Rxe5
16.O-O-O Bf5 17.f4 Ree8 18.Qf3 Be6 19.f5 gxf5 20.Rhg1+ Kh7 21.exf5 Bxc4 22.f6 Rg8
23.Qf5+ Kh8 24.Rg7 Rxg7 25.fxg7+ Kxg7 26.Qe5+ Kh7 27.Bf3 Qg5+ 28.Qxg5 hxg5
29.b3 Bxb3 30.axb3 c6 31.Ne4 Kg6 32.Bg4 Rf8 33.Rd7 f5 34.Rd6+ Kg7 35.Nxg5 Rf6
36.Rd7+ Kh6 37.Nf7+ Kg6 38.Ne5+ Kg5 39.Bd1 Nc5 40.Rg7+ Kf4 41.Ng6+ Kg5 42.Ne7+ Kh6
43.Rg1 Rf7 44.Nc8 a5 45.Bc2 f4 46.Nd6 Rf6 47.Nf5+ Rxf5 48.Bxf5 Nxb3+ 49.Kb2 Nd4
50.Bd3  1-0

[Event "Brussels op"]
[Site "Brussels"]
[Date "1995.??.??"]
[Round "?"]
[White "Vanderwaeren, Serge"]
[Black "Milov, Vadim"]
[Result "0-1"]
[WhiteElo "2295"]
[BlackElo "2580"]

1.c4 g6 2.Nc3 c5 3.g3 Bg7 4.Bg2 Nc6 5.a3 d6 6.Rb1 a5 7.d3 e6 8.Nf3 Nge7 9.Bd2 Nf5
10.Bg5 f6 11.Bf4 O-O 12.O-O Nfd4 13.Bd2 Nxf3+ 14.Bxf3 f5 15.Bg2 Bd7 16.f4 Be8
17.e3 Bf7 18.Na4 Qe8 19.Bc3 e5 20.Nb6 Ra7 21.Nd5 Ne7 22.Nxe7+ Qxe7 23.Qd2 b6
24.Rbe1 e4 25.Bxg7 Kxg7 26.dxe4 fxe4 27.f5 Qe5 28.fxg6 Bxc4 29.Rxf8 Kxf8
30.Bf1 Be6 31.gxh7 Rxh7 32.b4 axb4 33.axb4 Ra7 34.bxc5 bxc5 35.Qe2 Ra2 36.Qd1 Ke7
37.Qb1 Qc3 38.Qc1 Qf6  0-1

[Event "Brussels op"]
[Site "Brussels"]
[Date "1995.??.??"]
[Round "?"]
[White "Dumont, Andre"]
[Black "Milov, Vadim"]
[Result "0-1"]
[WhiteElo "2160"]
[BlackElo "2580"]

1.Nf3 Nf6 2.b3 g6 3.Bb2 Bg7 4.e3 O-O 5.Be2 d6 6.d4 Nc6 7.O-O e5 8.dxe5 Nd7
9.Nbd2 Ndxe5 10.Nxe5 Nxe5 11.Qc1 Qe7 12.Nf3 Be6 13.c4 Rad8 14.Rd1 Bg4 15.Nd4 Bc8
16.Qc2 f5 17.Nf3 f4 18.exf4 Rxf4 19.Bxe5 Bxe5 20.Nxe5 Qxe5 21.Qd2 Kg7 22.Rac1 Rdf8
23.f3 Qc5+ 24.Kh1 b6 25.b4 Qe5 26.Qc3 Re8 27.Bf1 Bd7 28.Kg1 g5 29.c5 Ba4
30.Rd5 Qxc3 31.Rxc3 Re5 32.Rxe5 dxe5 33.g3 Rxb4 34.Rc4 Rxc4 35.Bxc4 Kf6 36.Kf2 Bc6
37.Ke3 Ke7 38.a3 h6 39.Bb3 Bb7 40.f4 exf4+ 41.gxf4 g4 42.f5 Kf6 43.Kf4 h5
44.Be6 Ba6 45.Bd7 Be2  0-1

[Event "Brussels op"]
[Site "Brussels"]
[Date "1995.??.??"]
[Round "?"]
[White "Bronstein, David I"]
[Black "Milov, Vadim"]
[Result "1/2-1/2"]
[WhiteElo "2435"]
[BlackElo "2580"]

1.e4 c5 2.c3 d5 3.exd5 Qxd5 4.d4 Nc6 5.Be3 cxd4 6.cxd4 e5 7.Nc3 Bb4 8.dxe5 Qxe5
9.Rc1 Nf6 10.Nf3 Qa5 11.Bc4 O-O 12.O-O Bxc3 13.Rxc3 Bg4 14.Ra3 Qh5 15.Be2 Rfd8  1/2-1/2

[Event "Brussels op"]
[Site "Brussels"]
[Date "1995.??.??"]
[Round "?"]
[White "Gurevich, Mikhail"]
[Black "Milov, Vadim"]
[Result "1-0"]
[WhiteElo "2605"]
[BlackElo "2580"]

1.d4 Nf6 2.c4 g6 3.Nc3 Bg7 4.e4 d6 5.Nf3 O-O 6.Be2 e5 7.O-O Qe8 8.dxe5 dxe5
9.h3 Na6 10.Be3 b6 11.a3 Bb7 12.Qc2 Nh5 13.b4 c5 14.Nd5 Rc8 15.Qd2 f5 16.exf5 gxf5
17.Bh6 Nc7 18.Bxg7 Nxg7 19.bxc5 Nxd5 20.cxd5 Rxc5 21.Rfc1 e4 22.Rxc5 bxc5
23.Ng5 h6 24.Ne6 Nxe6 25.dxe6 Qxe6 26.Rc1 Qf6 27.Rxc5 Qg7 28.Qf4 e3 29.f3 Re8
30.Rxf5 Bc8 31.Bc4+ Kh8 32.Rf6  1-0

[Event "Haifa"]
[Site "Haifa"]
[Date "1995.??.??"]
[Round "1"]
[White "Milov, Vadim"]
[Black "Gurevich, Mikhail"]
[Result "1-0"]
[WhiteElo "2580"]
[BlackElo "2605"]

1.d4 Nf6 2.c4 g6 3.Nc3 Bg7 4.e4 d6 5.Be2 O-O 6.Bg5 c6 7.Qd2 a6 8.Nf3 b5 9.a3 Nbd7
10.O-O Bb7 11.Rfe1 e5 12.Rad1 Re8 13.dxe5 dxe5 14.b4 Qe7 15.Qc2 Nf8 16.Be3 Qc7
17.Nd2 Ne6 18.Nb3 h5 19.a4 Rad8 20.h3 Nd4 21.Nxd4 exd4 22.Bxd4 Rxd4 23.Rxd4 Ng4
24.hxg4 Bxd4 25.gxh5 Qe5 26.Nb1 gxh5 27.axb5 cxb5 28.Bf3 h4 29.Nd2 h3 30.Nf1 Re6
31.cxb5 axb5 32.Ne3 Qf4 33.Nf5 Be5 34.Ng3 Rf6 35.Qc5 Rg6 36.Rd1 Rxg3 37.fxg3 Qxg3
38.Qe7 Bc6 39.Rd8+ Kg7 40.Rd1 Qh2+ 41.Kf2 Qg3+ 42.Kg1 Qf4 43.Qc5 Qg3 44.Qxc6 Qh2+
45.Kf2 hxg2 46.Bxg2 Qg3+ 47.Kf1 Qf4+ 48.Ke2 Qh2 49.Qxb5 Qxg2+ 50.Kd3 Qf3+
51.Kc4 Qe2+ 52.Rd3 Qxe4+ 53.Kb3 Qe1 54.Qd5 Qb1+ 55.Ka4 Qc2+ 56.Kb5 Qe2 57.Qf3 Qa2
58.Qf5 Qe2 59.Kb6 Bf4 60.b5 Qf2+ 61.Kb7 Qg2+ 62.Rd5 Be3 63.b6 Kf8 64.Qc8+ Kg7
65.Qc6 Qf2 66.Rd3 Bd4 67.Qd6 Qg2+ 68.Kb8 Bf2 69.b7 Qe4 70.Rc3 Qe1 71.Rf3 Bh4
72.Kc8 Qe4 73.Rg3+ Bxg3 74.Qxg3+ Kf6 75.Qd6+ Kg7 76.b8=Q  1-0

[Event "Haifa"]
[Site "Haifa"]
[Date "1995.??.??"]
[Round "3"]
[White "Milov, Vadim"]
[Black "Svidler, Peter"]
[Result "1-0"]
[WhiteElo "2580"]
[BlackElo "2585"]

1.d4 Nf6 2.c4 g6 3.Nc3 d5 4.Nf3 Bg7 5.Qb3 dxc4 6.Qxc4 O-O 7.e4 a6 8.e5 b5
9.Qb3 Ng4 10.h3 Nh6 11.Bd3 Nf5 12.Be4 Ra7 13.g4 Nh6 14.Be3 c6 15.O-O-O Qa5
16.Kb1 Rc7 17.Bd2 Rb7 18.Ne2 Qb6 19.Bf4 Kh8 20.Qe3 Ng8 21.h4 f5 22.gxf5 gxf5
23.Bc2 e6 24.h5 h6 25.Nh4 Kh7 26.Rhg1 Qd8 27.Qg3 Rbf7 28.Bd2  1-0

[Event "Haifa"]
[Site "Haifa"]
[Date "1995.??.??"]
[Round "5"]
[White "Milov, Vadim"]
[Black "Akopian, Vladimir"]
[Result "1/2-1/2"]
[WhiteElo "2580"]
[BlackElo "2655"]

1.d4 d5 2.c4 c6 3.Nc3 Nf6 4.cxd5 cxd5 5.Bf4 Nc6 6.e3 a6 7.Bd3 Bg4 8.Nge2 e6
9.Rc1 Be7 10.a3 O-O 11.O-O Rc8 12.Na4 Nd7 13.b4 e5 14.dxe5  1/2-1/2